[Event "AUT-ch Vor3 Internet"]
[Site "Playchess.com INT"]
[Date "2020.04.17"]
[Round "7"]
[White "Hessenberger, Andreas"]
[Black "Janes, Christian"]
[Result "1-0"]
[WhiteElo "2019"]
[BlackElo "1726"]
[PlyCount "43"]
[EventDate "2020.04.17"]
[EventType "swiss (blitz)"]
[EventRounds "9"]
[EventCountry "AUT"]
[SourceTitle "CBM 195 Extra"]
[Source "ChessBase"]
[SourceDate "2020.05.31"]
[SourceVersion "1"]
[SourceVersionDate "2020.05.31"]
[SourceQuality "1"]

1. e4 e5 2. c3 Nf6 3. d4 exd4 4. e5 Qe7 5. cxd4 Nd5 6. Nc3 Nxc3 7. bxc3 Qe6 8. Bd3 d6 9. f4 dxe5 10. fxe5 Be7 11. Nf3 0-0 12. 0-0 c6 13. Bc2 b5 14. Qd3 g6 15. Bh6 Rd8 16. Qe3 Bb7 17. Ng5 Bxg5 18. Bxg5 Re8 19. Bf6 Nd7 20. Bb3 Qg4 21. Qh6 Nxf6 22. exf6 1-0

[Event "AUT-ch Vor3 Internet"]
[Site "Playchess.com INT"]
[Date "2020.04.17"]
[Round "3"]
[White "Kellner, Nikolaus"]
[Black "Janes, Christian"]
[Result "1/2-1/2"]
[WhiteElo "1685"]
[BlackElo "1726"]
[PlyCount "136"]
[EventDate "2020.04.17"]
[EventType "swiss (blitz)"]
[EventRounds "9"]
[EventCountry "AUT"]
[SourceTitle "CBM 195 Extra"]
[Source "ChessBase"]
[SourceDate "2020.05.31"]
[SourceVersion "1"]
[SourceVersionDate "2020.05.31"]
[SourceQuality "1"]

1. g4 d5 2. h3 e5 3. d3 Nc6 4. Nc3 Nf6 5. Nf3 Bb4 6. Bd2 Bxc3 7. Bxc3 d4 8. Bd2 0-0 9. a3 Re8 10. e4 dxe3 11. Bxe3 e4 12. dxe4 Qxd1+ 13. Rxd1 Nxe4 14. Bd3 Nc5 15. 0-0 Nxd3 16. Rxd3 h6 17. Nd4 Ne5 18. Rc3 c6 19. Nf5 Bxf5 20. gxf5 Nf3+ 21. Kg2 Nh4+ 22. Kh2 Nxf5 23. Rg1 a6 24. Bf4 Rac8 25. Rc5 Nh4 26. Bxh6 Nf3+ 27. Kh1 Nxg1 28. Rg5 Nxh3 29. Rxg7+ Kh8 30. Rxf7 Re6 31. Bg7+ Kg8 32. Rxb7 Nxf2+ 33. Kg2 Ne4 34. Bd4 Rg6+ 35. Kf1 Rf8+ 36. Ke1 Nd6 37. Ra7 Re6+ 38. Kd2 Nc4+ 39. Kc3 Ne5 40. Bc5 Rf3+ 41. Kb4 Nf7 42. Ka5 Rf5 43. Kb6 Kg7 44. Rxa6 Rxc5 45. Kxc5 Nd8 46. b4 Kf6 47. a4 Nb7+ 48. Kb6 Nd8 49. Kc7 Nf7 50. Rxc6 Rxc6+ 51. Kxc6 Ne5+ 52. Kb7 Ke6 53. a5 Kd6 54. a6 Nc6 55. b5 Nd8+ 56. Kb8 Kc5 57. c4 Kxc4 58. b6 Nc6+ 59. Kb7 Kb5 60. a7 Nd8+ 61. Kc7 Ne6+ 62. Kc8 Kxb6 63. a8Q Nc5 64. Qd5 Kb5 65. Kc7 Kb4 66. Kc6 Nb3 67. Qb5+ Kc3 68. Kd5 Nd2 1/2-1/2

[Event "Tirol-ch"]
[Site "Kramsach"]
[Date "2007.06.29"]
[Round "6.11"]
[White "Janes, Christian"]
[Black "Stiegernigg, Markus"]
[Result "1-0"]
[WhiteElo "1610"]
[BlackElo "1489"]
[PlyCount "131"]
[EventDate "2007.06.24"]
[EventType "swiss"]
[EventRounds "7"]
[EventCountry "AUT"]
[SourceTitle "EXT 2024"]
[Source "ChessBase"]
[SourceDate "2023.10.10"]
[SourceVersion "1"]
[SourceVersionDate "2023.10.10"]
[SourceQuality "1"]

1. e4 d5 2. exd5 Qxd5 3. Nc3 Qa5 4. Nf3 Nf6 5. d3 c6 6. Bd2 Qc7 7. d4 Bf5 8. Ne5 Nbd7 9. Bf4 Qb6 10. Nc4 Qd8 11. Qe2 Be6 12. Rd1 Bxc4 13. Qxc4 Nb6 14. Qe2 Nbd5 15. Qf3 Nxf4 16. Qxf4 e6 17. Bc4 b5 18. Bd3 Bd6 19. Qf3 Rc8 20. 0-0 0-0 21. Ne4 Nxe4 22. Bxe4 Qh4 23. g3 Qg5 24. c3 c5 25. b3 f5 26. Bd5 Qg6 27. Rfe1 Rf6 28. Kg2 Kh8 29. Bc6 b4 30. c4 f4 31. g4 Qg5 32. Bd7 Rcf8 33. Bxe6 Rh6 34. d5 Qh4 35. h3 Qg5 36. Rd3 Be5 37. Qe4 Bd4 38. Rf3 Rhf6 39. Rh1 Qh4 40. Bf5 Qh6 41. h4 g6 42. g5 gxf5 43. Qxd4 Qh5 44. Qxf4 Ra6 45. Qe5+ Kg8 46. Rhh3 Qg4+ 47. Rhg3 Qe4 48. Qxe4 fxe4 49. Rxf8+ Kxf8 50. Re3 Rxa2 51. Rxe4 Rc2 52. d6 Rd2 53. Re5 Rxd6 54. Rxc5 Rd3 55. Rc8+ Kg7 56. Rc7+ Kg6 57. Rxa7 Rxb3 58. Ra6+ Kh5 59. Rh6+ Kg4 60. Rxh7 Rc3 61. g6 Rxc4 62. g7 Kf5 63. f3 Rc7 64. Rh5+ Kf6 65. g8Q Rg7+ 66. Qxg7+ 1-0